000 00852nam a22002057a 4500
999 _c20445
_d20445
003 AR-CdUCM
008 190530b ||||| |||| 00| 0 spa d
040 _aMUNICIPALIDAD PROVINCIAL DEL CUSCO
_cBIBLIOTECA MUNICIPAL DEL CUSCO
082 _a621.3815 /
_bR54
100 _aRichman, Paul
_942749
245 _aTransistores de efecto de campo a metal y óxido /
260 _aBuenos Aires :
_bEd. Hispano Americana,
_c1973.
300 _a142 páginas ;
_bIlustraciones,
_c24 cm.
505 _aContenido: Principios físicos básicos del efecto de campo -- La teoría del funcionamiento del transistor a semiconductor de metal y oxido por efecto de campo...
650 _aTransistores de efecto de campo
_942750
650 _aTecnología
_91571
700 _aPackmann, Emilio N. (traducción)
_942751
942 _2ddc
_cLIBROS
945 _adavv
_d2019-05-30